000 00213nam a2200121Ia 4500
100 _a#N/A
942 _cBK
654 _aUBUNTU 10.10
245 _aLFY Vol 8
260 _b#N/A
546 _aENGLISH
999 _c19893
_d19893